जल के जीव-जन्तु / (Record no. 55950)

MARC details
000 -LEADER
fixed length control field 01216nam a22002537a 4500
005 - DATE AND TIME OF LATEST TRANSACTION
control field 20110825093934.0
010 ## - LCCN (DPL NO)
LC control number G-001047
020 ## - INTERNATIONAL STANDARD BOOK NUMBER
Terms of availability 20.00
International Standard Book Number 9788189615178
035 ## - SYSTEM CONTROL NUMBER
System control number G-1047
037 ## - SOURCE OF ACQUISITION
Source of stock number/acquisition राकेश साहित्य भण्डार
082 ## - DEWEY DECIMAL CLASSIFICATION NUMBER
Classification number 597
100 ## - MAIN ENTRY--PERSONAL NAME
Personal name इन्दुरख्या, शरद
245 ## - TITLE STATEMENT
Title जल के जीव-जन्तु /
Statement of responsibility, etc शरद इन्दुरख्या
246 ## - VARYING FORM OF TITLE
Title proper/short title
Remainder of title
260 ## - PUBLICATION, DISTRIBUTION, ETC. (IMPRINT)
Place of publication, distribution, etc जबलपुर
Name of publisher, distributor, etc राकेश साहित्य भण्डार
Date of publication, distribution, etc 2008
270 ## - ADDRESS
Address 917/1, मढ़ाताल वार्ड,
City जबलपुर
Postal code
Telephone number
300 ## - PHYSICAL DESCRIPTION
Extent 16पृ.
Dimensions 21 सेमी(अजिल्द)
Other physical details सचित्र
650 ## - SUBJECT ADDED ENTRY--TOPICAL TERM
Topical term or geographic name as entry element
700 ## - ADDED ENTRY--PERSONAL NAME
9 (RLIN) 25138
Personal name
700 ## - ADDED ENTRY--PERSONAL NAME
9 (RLIN) 25157
942 ## - ADDED ENTRY ELEMENTS (KOHA)
Institution code [OBSOLETE] dpl
Item type Children Books
Source of classification or shelving scheme Dewey Decimal Classification
Call number suffix इन्दुर
Classification part 597
Holdings
Withdrawn status Lost status Not for loan Collection code Home library Current library Date acquired Cost, normal purchase price Full call number Barcode Copy number Cost, replacement price Koha item type
      Non-fiction Katevara Katevara 25/08/2011 20.00 597 इन्दुर G-001047 1 20.00 Children Books

© Delhi Public Library
Hit Counter
free hit counter